000 00319nam a22001457a 4500
008 230901b ||||| |||| 00| 0 eng d
020 _a9780521368544
041 _aeng
080 _a34
082 _a34COL
100 _a32
101 _aJURE
245 _aMARKETS,MORALS AND THE LAW
_cCOLEMAN.L.J
942 _2udc
_cBK
999 _c60241
_d60241